• 首页
  • 本馆介绍
  • 公告通知
  • 最新文献
  • 馆藏检索
  • 电子资源
  • 读者导购
  • 参考咨询
  • 我的图书馆
  • 登录
  • 详细信息显示
  • 放入我的书架
  • 预约/预借图书
  • 作者相关作品
  • 分类相关作品
  • 丛书相关作品
  • 出版社相关作品

书目信息

  • 表格格式
  • 工作单格式
  • 卡片格式
题名:
数码摄影技巧大全
    
 
作者: 杨品 , 左乃军 , 杨晶 编著
分册:  
出版信息: 北京   中国电力出版社  2007
页数: 209页
开本: 23cm
丛书名:
单 册:
中图分类: J41 , TP391.41
科图分类:
主题词: 数字照相机--摄影技术--基本知识 , 数字照相机--图象处理--基本知识 , 数字照相机 , 摄影技术 , 图象处理
电子资源:
ISBN: 978-7-5083-4672-4
000 01106nam0 2200313 45
001 1338854922
005 20130514153830.64
010    @a978-7-5083-4672-4@dCNY36.00
100    @a20130108d2007 em y0chiy0110 ea
101 0  @achi
102    @aCN@b110000
105    @aa z 000yy
106    @ar
200 1  @a数码摄影技巧大全@AShu Ma She Ying Ji Qiao Da Quan@f杨品,左乃军,杨晶编著@FYang Pin, Zuo Nai Jun, Yang Jing Bian Zhu
210    @a北京@c中国电力出版社@d2007
215    @a209页@c图@d23cm
330    @a本书主要介绍了对数码相机的初步认识、基本使用技巧和相关的配件、数码相机的构图常识、光线的运用和摄影美等美学修为、如何突出摄影主体,以及如何让摄影主体更具艺术化等内容。
606 0  @a数字照相机@x摄影技术@x基本知识
606 0  @a数字照相机@x图象处理@x基本知识
606 0  @a数字照相机
606 0  @a摄影技术
606 0  @a图象处理
690    @aJ41@v5
690    @aTP391.41@v5
701  0 @a杨品@AYang Pin@c(摄影)@4编著
701  0 @a左乃军@AZuo Nai Jun@f(1977~)@4编著
701  0 @a杨晶@AYang Jing@c(摄影)@4编著
801    @aCN@bTANGWEI@c20130108
905    @b0828741-45@dJ41@e264@f5
    
    数码摄影技巧大全/杨品,左乃军,杨晶编著.-北京:中国电力出版社,2007
    209页:图;23cm
    
    
    ISBN 978-7-5083-4672-4:CNY36.00
    本书主要介绍了对数码相机的初步认识、基本使用技巧和相关的配件、数码相机的构图常识、光线的运用和摄影美等美学修为、如何突出摄影主体,以及如何让摄影主体更具艺术化等内容。
●
相关链接 在E读中查询图书 在五车中查询图书 在当当中查询图书 在豆瓣中查询图书


正题名:数码摄影技巧大全     索取号:J41/264         预约/预借

序号 登录号 条形码 馆藏地/架位号 状态 备注
1 0828741   208287414   第一样本阅览室/ [索取号:J41/264] 在馆    
2 0828742   208287423   第一借阅区/ [索取号:J41/264] 在馆    
3 0828743   208287432   第一借阅区/ [索取号:J41/264] 在馆    
4 0828744   208287441   第一借阅区/ [索取号:J41/264] 在馆    
5 0828745   208287450   第一借阅区/ [索取号:J41/264] 在馆    
唐山师范学院图书馆 欢迎您!
大连网信软件有限公司© 版权所有